LEADER 01129nam a2200289 i 4500 001 000000132743 003 CaOOAMICUS 005 20180924104047.0 008 041216s2001 it u000 u ita u 013 $a105752 020 $a88-86617-91-7 040 $aSeMil$bita 240 02$aL'identitą fluttuante.$0(OLS)http://semarc/title/194908 245 13$aLe figure dell'altro /$cAngela Ales Bello (a cura di) 260 $aCantalupa (Torino) :$bEffatą,$ccopyr. 2001. 300 $a334 p. ;$c21 cm. 490 0 $aAccademia 650 4$aAlteritą - Filosofia.$0(OLS)http://semarc/subject/9791 700 1 $aAles Bello, Angela,$d<1939- >.$0(OLS)http://semarc/name/2623 830 0$aAccademia.$0(OLS)http://semarc/title/11916 850 $aSeMil 852 $aSeMil$W1$xVenegono$y1$m769 4 3 *$j86645$B86645$CSeMilBibl$Z2$F90394 $81 961 $aLascito: Cornati don Dario 996 $6020$a88-86617-91-7$9(OLS)http://semarc/number/119837 996 $6245$aLe figure dell'altro$9(OLS)http://semarc/title/194912 996 $6260$aCantalupa (Torino) :$bEffatą$9(OLS)http://semarc/publisher/30780 LEADER 01342nam a2200265 i 4500 001 000000209937 003 CaOOAMICUS 005 20120109000000.0 008 120109s1968 it u000 u ita u 013 $a188729 040 $aSeMil$bita 100 1 $aHirsch, Ferdinand.$0(OLS)http://semarc/name/75233 245 13$aLa Longobardia meridionale :$b570-1077. Il ducato di Benevento, il principato di Salerno /$cF. Hirsch, M. Schipa ; ristampa con introduzione e bibliografia a cura di Nicola Acocella. 260 $aRoma :$bEdizioni di Storia e Letteratura,$c1968. 300 $aXXIV, 324 p. ;$c25 cm. 490 0 $aPolitica e storia : raccolta di studi e testi ;$v19 500 $aContiene : Appendice. 650 4$aSalerno - Storia.$0(OLS)http://semarc/subject/39486 700 1 $aAcocella, Nicola.$0(OLS)http://semarc/name/26153 700 1 $aSchipa, Michelangelo <1854-1939>.$0(OLS)http://semarc/name/49038 830 0$aPolitica e storia ;$v19.$0(OLS)http://semarc/title/33504 850 $aSeMil 852 $aSeMil$W1$xVenegono$y1$m3T VI 161$j160388$B160388$CSeMilBibl$Z2$F171355 $81 996 $6245$aLa Longobardia meridionale :$b570-1077. Il ducato di Benevento, il principato di Salerno$9(OLS)http://semarc/title/303521 996 $6260$aRoma :$bEdizioni di Storia e Letteratura$9(OLS)http://semarc/publisher/29779